00477cam a22001337a 4500008004000000082001700040100001500057245006100072260004700133300001000180650004600190999001900236952008800255180718b1973 xxu||||| |||| 00| 0 eng d aA2:C4x54 R15 aRana, M.S. aWritings on Indian constitution, 1861-1972cby M.S. Rana aDelhibIndian Bureau of Bibliographyc1973 a496p. aConstitutional law - India - Bibliography c352136d352136 00104070aIIPAbIIPAd1993-11-19oA2:C4x54 R15p48501r2018-07-21w2018-07-21yBK